00752nam a22002057a 4500999001900000005001700019010001500036020002600051035001400077037001300091082001000104100001700114245005200131260005700183270009900240300002100339700002600360942002400386952013600410 c187819d18781920220429130035.0 aENG-132473 a9789390082469c350.00 aEN-116005 bDBAD/PUB a006.3 aK, Sivakumar aArtifical Intelligence/cSivaKumar K [et.al...] aNew DelhibBloomsbury Publishing India Pvt Ltdc2017 aDDA Complex, LSC Building No. 4, Second Floor, Pocket C-6 & 7, Vasant KunjbNew Delhie1100070 a256p.c22cm(pbk) aSivakumar K [et.al..] 2ddccENh006.3mSIV 001040708FICaBL1bBL1d2022-04-29eDBAD/PUBg350.00l7m7o006.3 SIVpEN-116005r2025-04-19 00:00:00s2025-04-04t1v350.00yEN